000 02602nam a22003737a 4500
003 OSt
005 20260604084824.0
008 260604b |||||||| |||| 00| 0 eng d
040 _aFoundation University Library
_beng
_cFoundation University Library
_erda
050 _aGS (DocEd-Dis) LG 221 D35 G73
_bA6 E38 A36 1993 T35
100 _aTale, Norma L.,
_eauthor
_95777
245 _aThe T.H.E. implementation in the public secondary schools of Negros Oriental, school year 1992-1993 :
_bproposed plan for development /
_cby Norma L. Tale.
260 _aDumaguete City :
_bFoundation University,
_c1993.
264 _41993.
300 _a197 leaves :
_billustrations ;
_c28 cm
_3dissertation
_fleaves
336 _3rdacontent
_atext
_btxt
337 _3rdamedia
_aunmediated
_bn
338 _3GS-DocEd-Diss
_avolume
_bnc
_2rdacarrier
490 _aGS-DocEd-Dis
500 _aConducted during the school year 1992-1993 in selected public secondary schools of Negros Oriental, this study evaluated the implementation of the Technology and Home Economics (T.H.E.) curriculum and included a proposed development plan based on the findings.
502 _aGraduate dissertation (Doctor of Education) -- Foundation University, 1993.
504 _aIncludes bibliographical references and appendices.
520 _aThis study evaluated the implementation of the Technology and Home Economics (T.H.E.) program in public secondary schools of Negros Oriental during the school year 1992-1993. Specifically, it determined the extent of implementation, assessed the adequacy of instructional resources and facilities, and identified problems encountered in the program. Based on the findings, a proposed development plan was formulated to enhance the effectiveness of T.H.E. instruction and strengthen program implementation in public secondary schools.
650 _aHome economics
_xStudy and teaching (Secondary)
_zPhilippines.
_zNegros Oriental.
_917134
650 _aSecondary education
_zPhilippines.
_zNegros Oriental.
_917135
650 _aVocational education
_zPhilippines.
_917136
650 _aCurriculum evaluation
_zPhilippines.
_912835
650 _aEducational planning
_zPhilippines.
_912574
650 _aSchool management and organization
_zPhilippines.
_917137
650 _aEducation and state
_zPhilippines.
_912367
658 _aDissertation Writing 2 :
_bIndustrial Engineering, Bachelor of Science in ;
_cEDD 101 .
900 0 _4Sapalaran, James O., cataloger
942 _2lcc
_cDS
_n0
_hLG 221 D35 G73
_iA6 E38 A36 1993 T35
_kGS (DocEd-Dis)
999 _c6254
_d6254